<?xml version="1.0" encoding="UTF-8"?>
<record
    xmlns:xsi="http://www.w3.org/2001/XMLSchema-instance"
    xsi:schemaLocation="http://www.loc.gov/MARC21/slim http://www.loc.gov/standards/marcxml/schema/MARC21slim.xsd"
    xmlns="http://www.loc.gov/MARC21/slim">

  <leader>00921nam a22002297a 4500</leader>
  <datafield tag="952" ind1=" " ind2=" ">
    <subfield code="0">0</subfield>
    <subfield code="1">0</subfield>
    <subfield code="4">0</subfield>
    <subfield code="7">0</subfield>
    <subfield code="a">07</subfield>
    <subfield code="b">07</subfield>
    <subfield code="d">2011-11-03</subfield>
    <subfield code="l">5</subfield>
    <subfield code="o">NC1002.L63 H95 2011</subfield>
    <subfield code="p">07 002527</subfield>
    <subfield code="r">2022-09-06</subfield>
    <subfield code="s">2022-08-16</subfield>
    <subfield code="t">1</subfield>
    <subfield code="w">2012-06-26</subfield>
    <subfield code="y">LB</subfield>
  </datafield>
  <datafield tag="952" ind1=" " ind2=" ">
    <subfield code="0">0</subfield>
    <subfield code="1">0</subfield>
    <subfield code="4">0</subfield>
    <subfield code="7">0</subfield>
    <subfield code="a">07</subfield>
    <subfield code="b">07</subfield>
    <subfield code="d">2011-11-03</subfield>
    <subfield code="l">1</subfield>
    <subfield code="o">NC1002.L63 H95 2011</subfield>
    <subfield code="p">07 002528</subfield>
    <subfield code="r">2020-03-03</subfield>
    <subfield code="s">2020-03-03</subfield>
    <subfield code="t">2</subfield>
    <subfield code="w">2012-06-26</subfield>
    <subfield code="y">LB</subfield>
  </datafield>
  <datafield tag="952" ind1=" " ind2=" ">
    <subfield code="0">0</subfield>
    <subfield code="1">0</subfield>
    <subfield code="2">lcc</subfield>
    <subfield code="4">0</subfield>
    <subfield code="7">0</subfield>
    <subfield code="a">07</subfield>
    <subfield code="b">07</subfield>
    <subfield code="d">2013-05-06</subfield>
    <subfield code="l">1</subfield>
    <subfield code="o">NC1002.L63 H95 2011</subfield>
    <subfield code="p">07 004012</subfield>
    <subfield code="r">2020-03-03</subfield>
    <subfield code="s">2020-03-03</subfield>
    <subfield code="t">3</subfield>
    <subfield code="w">2013-06-05</subfield>
    <subfield code="y">LB</subfield>
  </datafield>
  <datafield tag="952" ind1=" " ind2=" ">
    <subfield code="0">0</subfield>
    <subfield code="1">0</subfield>
    <subfield code="4">0</subfield>
    <subfield code="7">0</subfield>
    <subfield code="a">11</subfield>
    <subfield code="b">11</subfield>
    <subfield code="d">2013-06-18</subfield>
    <subfield code="l">2</subfield>
    <subfield code="o">NC1002.L63 H95 2011</subfield>
    <subfield code="p">11 010258</subfield>
    <subfield code="r">2016-05-30</subfield>
    <subfield code="s">2016-05-30</subfield>
    <subfield code="t">1</subfield>
    <subfield code="w">2013-06-18</subfield>
    <subfield code="y">LB</subfield>
  </datafield>
  <datafield tag="952" ind1=" " ind2=" ">
    <subfield code="0">0</subfield>
    <subfield code="1">0</subfield>
    <subfield code="4">0</subfield>
    <subfield code="7">0</subfield>
    <subfield code="a">03</subfield>
    <subfield code="b">03</subfield>
    <subfield code="d">2014-04-15</subfield>
    <subfield code="l">2</subfield>
    <subfield code="o">NC1002 L63 H95 2011</subfield>
    <subfield code="p">03 006554</subfield>
    <subfield code="r">2016-05-30</subfield>
    <subfield code="s">2016-05-30</subfield>
    <subfield code="t">1</subfield>
    <subfield code="w">2014-04-15</subfield>
    <subfield code="y">LB</subfield>
  </datafield>
  <datafield tag="952" ind1=" " ind2=" ">
    <subfield code="0">0</subfield>
    <subfield code="1">0</subfield>
    <subfield code="2">ddc</subfield>
    <subfield code="4">0</subfield>
    <subfield code="7">0</subfield>
    <subfield code="a">15</subfield>
    <subfield code="b">15</subfield>
    <subfield code="d">2013-05-31</subfield>
    <subfield code="l">0</subfield>
    <subfield code="o">704.946 H996s  2011</subfield>
    <subfield code="p">15 005863</subfield>
    <subfield code="r">2017-12-07</subfield>
    <subfield code="t">1</subfield>
    <subfield code="w">2014-05-21</subfield>
    <subfield code="y">LB</subfield>
  </datafield>
  <datafield tag="999" ind1=" " ind2=" ">
    <subfield code="c">92437</subfield>
    <subfield code="d">92437</subfield>
  </datafield>
  <controlfield tag="008">130618s2011    cc a|||| |||| 00| 0 spa d</controlfield>
  <datafield tag="020" ind1=" " ind2=" ">
    <subfield code="a">9788425224010</subfield>
  </datafield>
  <datafield tag="050" ind1=" " ind2=" ">
    <subfield code="a">NC1002 L63 </subfield>
    <subfield code="b">H95 2011</subfield>
  </datafield>
  <datafield tag="082" ind1=" " ind2=" ">
    <subfield code="a">704.946 </subfield>
    <subfield code="b">bH996s</subfield>
  </datafield>
  <datafield tag="100" ind1=" " ind2=" ">
    <subfield code="a">Hyland, Angus</subfield>
    <subfield code="e">autor</subfield>
  </datafield>
  <datafield tag="240" ind1=" " ind2=" ">
    <subfield code="a">Symbol</subfield>
    <subfield code="l">espa&#xF1;ol</subfield>
  </datafield>
  <datafield tag="245" ind1=" " ind2=" ">
    <subfield code="a">S&#xED;mbolos</subfield>
    <subfield code="c"> / Angus Hyland, Steven Baten ; traducci&#xF3;n de  &#xC1;ngel Dominguez </subfield>
  </datafield>
  <datafield tag="260" ind1=" " ind2=" ">
    <subfield code="a">Barcelona</subfield>
    <subfield code="b"> : Editorial Gustavo Gili, SL</subfield>
    <subfield code="c">, 2011</subfield>
  </datafield>
  <datafield tag="300" ind1=" " ind2=" ">
    <subfield code="a">334 p&#xE1;ginas</subfield>
    <subfield code="b"> : ilustraciones</subfield>
  </datafield>
  <datafield tag="500" ind1=" " ind2=" ">
    <subfield code="a">Incluye: Indice de clientes, Indice de dise&#xF1;adores, Indice de sectores de actividad, Cr&#xE9;ditos, Agradecimientos</subfield>
  </datafield>
  <datafield tag="505" ind1=" " ind2=" ">
    <subfield code="a">Abstractos
Figurativos</subfield>
  </datafield>
  <datafield tag="519" ind1=" " ind2=" ">
    <subfield code="a">Educaci&#xF3;n Mixta / </subfield>
    <subfield code="b">Dise&#xF1;o Gr&#xE1;fico / </subfield>
    <subfield code="c">S&#xED;mbolos, Marcas y Logotipos (P09-2) /</subfield>
    <subfield code="d">(11 010258)</subfield>
  </datafield>
  <datafield tag="650" ind1="1" ind2="0">
    <subfield code="a">LOGOTIPOS</subfield>
    <subfield code="v">OBRAS ILUSTRADAS</subfield>
  </datafield>
  <datafield tag="650" ind1="3" ind2="0">
    <subfield code="a">LOGOTIPOS</subfield>
    <subfield code="v">OBRAS ILUSTRADAS</subfield>
    <subfield code="x">DISE&#xD1;O</subfield>
  </datafield>
  <datafield tag="700" ind1=" " ind2=" ">
    <subfield code="a">Bateman, Steven   </subfield>
    <subfield code="e">autor</subfield>
  </datafield>
  <datafield tag="942" ind1=" " ind2=" ">
    <subfield code="c">LB</subfield>
  </datafield>
</record>
